| 000 | 01083nas a2200337 4500 | ||
|---|---|---|---|
| 001 | BR0400738 | ||
| 003 | BR-BrBNA | ||
| 005 | 20231205104335.0 | ||
| 007 | ta | ||
| 008 | 230509b bl.|||p| |||| 00| 00por d | ||
| 040 |
_aBR-BrBNA _bpor _cBiblioteca Nacional de Agricultura |
||
| 041 | _a(Pt) | ||
| 072 | _aL53 | ||
| 100 | 1 | _aBrasil, A.F. | |
| 100 | 1 | _aAraújo, A.A. | |
| 100 | 1 | _aMoura, A.A.A. | |
| 100 | 1 | _aLima, A.C.B. | |
| 100 | 1 | _aVieira, R.J. | |
| 100 | 1 | _aVieira, V.E. | |
| 245 | 1 | _aAtividade reprodutiva no pós-parto, produção de leite e consumo de matéria seca de vacas leiteiras criadas no semi-árido e alimentadas com castanha de caju | |
| 650 | _aVACA LEITEIRA | ||
| 650 | _aREPRODUÇÃO ANIMAL | ||
| 650 | _aPÓS-PARTO | ||
| 650 | _aCASTANHA DE CAJU | ||
| 650 | _aREPRODUÇÃO ANIMAL | ||
| 650 | _aPÓS-PARTO | ||
| 650 | _aCASTANHA DE CAJU | ||
| 773 | 0 |
_tRevista Brasileira de Reprodução Animal (Brazil) _xISSN 0102-0803 _g(Apr-Jun 2003), v. 27(2) p. 241-243 _wBR0400738 |
|
| 909 |
_a202311 _bLúcia _c55 _dLúcia Elande |
||
| 942 |
_2AGRIS _n0 _cANA |
||
| 999 |
_c177646 _d177646 |
||